000 00512nam a2200133Ia 4500
008 220216s9999 xx 000 0 und d
100 _aThomas K.K.
245 0 _aIndian rubber plantation industry: Genesis and development
260 _bIn: Natural rubber: Agromanagement and crop processing. (Eds. P.J. George and C. Kuruvilla Jacob). Rubber Research Institute of India, Kottayam, India, pp.1-19.
_c2000
650 _aHistory
650 _aRubber plantation industry
700 _aPanikkar A.O.N.
942 _cBS
999 _c52956
_d52956